Top Ten Most Pink Cities in the US - Statistics

General Stats
  • This quiz has been taken 8 times
  • The average score is 10 of 15
Answer Stats
State City % Correct
Florida Miami
100%
South Carolina Charleston
88%
Nevada Las Vegas
88%
Louisiana New Orleans
88%
New York New York
88%
Oregon Portland
88%
California San Diego
88%
California San Francisco
88%
Hawaii Honolulu
75%
Tennessee Nashville
75%
Georgia Savannah
50%
California Santa Barbara
38%
Arizona Scottsdale
38%
California Palm Springs
13%
Arizona Sedona
13%
No matching quizzes found
Score Distribution
Percent of People with Each Score
Percentile by Number Answered
Your Score History
You have not taken this quiz